000 01292nam a22002657a 4500
999 _c417977
_d417977
001 130037
003 UA-OsUOA
005 20230504161354.0
007 ta
008 20180404b un ||||| |||| 00| 0 ukr d
020 _a978-611-01-1048-8
040 _aUA-OsUOA
_bukr
_cUA-OsUOA
_dUA-OsUOA
041 _aukr
080 _a330.322(075.8)
090 _a330.322(075.8)
_bП31
100 _aПєтухова О. М.
245 _aІнвестування
_bнавчальний посібник
_cО. М. Пєтухова
260 _aК.
_bЦУЛ
_c2018
300 _a336 с.
520 _aНавчальний посібник містить зміст лекцій, ключові поняття, завдання для самостійної роботи, тести, практичні завдання, термінологічний словник. Форма і зміст посібника відповідають навчальній програмі з дисципліни «Інвестування» для підготовки студентів напряму «Фінанси і кредит».
650 7 _a330 Економіка взагалі
_2UDC
942 _cBK
_2udc
955 _a2